[Event "U12 Polish Youth Championship"]
[Site "chess24.com"]
[Date "2018.05.03"]
[Round "7"]
[White "Wiatrowski, Zbigniew"]
[Black "Pancewicz, Szymon"]
[Result "1/2-1/2"]
[Board "18"]
[WhiteElo "1427"]
[WhiteCountry "POL"]
[WhiteFideId "21880816"]
[WhiteEloChange "-3"]
[BlackElo "1337"]
[BlackCountry "POL"]
[BlackFideId "21852995"]
[BlackEloChange "3"]

1. e4 {[%clk 1:30:57]} c5 {[%clk 1:30:57]} 2. Nf3 {[%clk 1:31:15]} e6 {[%clk
1:31:23]} 3. d4 {[%clk 1:31:39]} cxd4 {[%clk 1:31:49]} 4. Nxd4 {[%clk 1:32:00]}
Nf6 {[%clk 1:32:13]} 5. Nc3 {[%clk 1:32:20]} Nc6 {[%clk 1:32:38]} 6. Ndb5 {[%clk
1:32:18]} Bb4 {[%clk 1:32:54]} 7. a3 {[%clk 1:32:37]} Bxc3+ {[%clk 1:33:15]} 8.
Nxc3 {[%clk 1:32:53]} d5 {[%clk 1:33:36]} 9. exd5 {[%clk 1:33:07]} exd5 {[%clk
1:33:59]} 10. Bg5 {[%clk 1:31:40]} d4 {[%clk 1:31:02]} 11. Ne2 {[%clk 1:24:22]}
Qa5+ {[%clk 1:23:43]} 12. Qd2 {[%clk 1:22:49]} Qxd2+ {[%clk 1:23:23]} 13. Bxd2
{[%clk 1:23:08]} Bf5 {[%clk 1:23:34]} 14. O-O-O {[%clk 1:21:26]} Rc8 {[%clk
1:19:25]} 15. Ng3 {[%clk 1:12:34]} Bg6 {[%clk 1:13:55]} 16. Bb5 {[%clk 1:10:49]}
O-O {[%clk 1:11:55]} 17. Ba4 {[%clk 1:09:55]} a6 {[%clk 1:06:27]} 18. f4 {[%clk
1:09:05]} Ne4 {[%clk 1:03:26]} 19. Rhf1 {[%clk 1:07:08]} Nxg3 {[%clk 1:03:21]}
20. hxg3 {[%clk 1:07:22]} Be4 {[%clk 1:02:38]} 21. Rf2 {[%clk 1:05:36]} b5 {[%clk
1:01:34]} 22. Bb3 {[%clk 1:05:14]} d3 {[%clk 0:56:36]} 23. Bc3 {[%clk 0:57:24]}
Rfd8 {[%clk 0:44:45]} 24. cxd3 {[%clk 0:50:57]} Bxd3 {[%clk 0:43:04]} 25. Rfd2
{[%clk 0:50:19]} Be4 {[%clk 0:42:39]} 26. Bd5 {[%clk 0:49:32]} Bxd5 {[%clk
0:40:49]} 27. Rxd5 {[%clk 0:49:54]} f6 {[%clk 0:41:03]} 28. Rc5 {[%clk 0:43:59]}
Rxd1+ {[%clk 0:40:43]} 29. Kxd1 {[%clk 0:43:55]} Kf7 {[%clk 0:38:04]} 30. Kd2
{[%clk 0:39:26]} Ke6 {[%clk 0:37:46]} 31. g4 {[%clk 0:38:23]} Ne7 {[%clk
0:32:44]} 32. Rh5 {[%clk 0:36:32]} h6 {[%clk 0:30:59]} 33. g3 {[%clk 0:29:17]}
Nd5 {[%clk 0:28:02]} 34. Rh1 {[%clk 0:26:06]} Nxc3 {[%clk 0:27:12]} 35. bxc3
{[%clk 0:26:28]} Rc4 {[%clk 0:26:38]} 36. Re1+ {[%clk 0:25:48]} Kd7 {[%clk
0:26:24]} 37. Kc2 {[%clk 0:24:16]} g5 {[%clk 0:22:32]} 38. Rh1 {[%clk 0:14:56]}
1/2-1/2

[Event "U12 Polish Youth Championship"]
[Site "chess24.com"]
[Date "2018.05.03"]
[Round "7"]
[White "Kolodziejski, Piotr"]
[Black "Wawrzyniak, Karol"]
[Result "0-1"]
[Board "19"]
[WhiteElo "1418"]
[WhiteCountry "POL"]
[WhiteFideId "21840962"]
[WhiteEloChange "-15"]
[BlackElo "1224"]
[BlackCountry "POL"]
[BlackFideId "21817588"]
[BlackEloChange "15"]

1. e4 {[%clk 1:30:56]} e6 {[%clk 1:30:56]} 2. d4 {[%clk 1:31:23]} d5 {[%clk
1:31:08]} 3. Nc3 {[%clk 1:31:44]} Nf6 {[%clk 1:30:53]} 4. e5 {[%clk 1:32:08]}
Nfd7 {[%clk 1:31:04]} 5. f4 {[%clk 1:32:10]} c5 {[%clk 1:30:33]} 6. Nf3 {[%clk
1:31:05]} Qb6 {[%clk 1:29:30]} 7. Ne2 {[%clk 1:26:03]} Nc6 {[%clk 1:26:45]} 8. c3
{[%clk 1:25:14]} Be7 {[%clk 1:24:53]} 9. Qc2 {[%clk 1:23:32]} f6 {[%clk 1:22:20]}
10. Be3 {[%clk 1:19:31]} a6 {[%clk 1:19:50]} 11. g3 {[%clk 1:14:14]} Qc7 {[%clk
1:18:14]} 12. Bh3 {[%clk 1:11:18]} cxd4 {[%clk 1:12:22]} 13. Nexd4 {[%clk
1:05:17]} Nxd4 {[%clk 1:09:45]} 14. Bxd4 {[%clk 1:03:23]} f5 {[%clk 1:08:01]} 15.
O-O {[%clk 0:58:12]} O-O {[%clk 1:06:36]} 16. Kh1 {[%clk 0:54:47]} Bc5 {[%clk
1:02:00]} 17. Qd3 {[%clk 0:52:40]} Bb6 {[%clk 0:58:32]} 18. Rac1 {[%clk 0:48:33]}
Nc5 {[%clk 0:56:39]} 19. Bxc5 {[%clk 0:48:15]} Qxc5 {[%clk 0:55:42]} 20. Nd4
{[%clk 0:46:59]} Qe7 {[%clk 0:53:27]} 21. Qd2 {[%clk 0:44:37]} Bd7 {[%clk
0:52:11]} 22. Rf2 {[%clk 0:42:57]} Rac8 {[%clk 0:50:09]} 23. Rg2 {[%clk 0:40:29]}
Kh8 {[%clk 0:48:09]} 24. Rd1 {[%clk 0:36:15]} Rc7 {[%clk 0:46:48]} 25. Qe1 {[%clk
0:36:13]} Qf7 {[%clk 0:45:40]} 26. g4 {[%clk 0:32:50]} g6 {[%clk 0:44:17]} 27.
gxf5 {[%clk 0:31:15]} gxf5 {[%clk 0:43:56]} 28. Qh4 {[%clk 0:25:58]} Bxd4 {[%clk
0:41:03]} 29. Rxd4 {[%clk 0:25:29]} Rc4 {[%clk 0:40:11]} 30. Rg5 {[%clk 0:20:16]}
Rxd4 {[%clk 0:38:56]} 31. cxd4 {[%clk 0:20:07]} Rc8 {[%clk 0:38:39]} 32. Qe1
{[%clk 0:18:50]} Bb5 {[%clk 0:37:47]} 33. Rg3 {[%clk 0:17:41]} Rc2 {[%clk
0:37:22]} 34. Rb3 {[%clk 0:08:36]} Qh5 {[%clk 0:36:02]} 35. Qe3 {[%clk 0:06:44]}
Qd1+ {[%clk 0:35:36]} 36. Qg1 {[%clk 0:06:54]} Qd2 {[%clk 0:35:11]} 37. Rg3
{[%clk 0:06:26]} Rc8 {[%clk 0:35:08]} 38. Bf1 {[%clk 0:04:57]} Bxf1 {[%clk
0:35:10]} 39. Rc3 {[%clk 0:03:42]} Rxc3 {[%clk 0:35:07]} 40. bxc3 {[%clk
0:04:06]} Qxf4 {[%clk 0:35:27]} 41. c4 {[%clk 0:04:03]} Bxc4 {[%clk 0:35:16]} 42.
Qb1 {[%clk 0:04:10]} Qf1+ {[%clk 0:35:38]} 43. Qxf1 {[%clk 0:04:33]} Bxf1 {[%clk
0:35:56]} 44. Kg1 {[%clk 0:04:54]} Bc4 {[%clk 0:36:19]} 0-1

[Event "U12 Polish Youth Championship"]
[Site "chess24.com"]
[Date "2018.05.03"]
[Round "7"]
[White "Czernecki, Andrzej"]
[Black "Malinowski, Szymon"]
[Result "1-0"]
[Board "20"]
[WhiteElo "1418"]
[WhiteCountry "POL"]
[WhiteFideId "21810117"]
[WhiteEloChange "14"]
[BlackElo "1549"]
[BlackCountry "POL"]
[BlackFideId "21832757"]
[BlackEloChange "-14"]

1. Nf3 {[%clk 1:30:59]} c6 {[%clk 1:30:47]} 2. b3 {[%clk 1:31:10]} d5 {[%clk
1:30:56]} 3. Bb2 {[%clk 1:31:35]} Nf6 {[%clk 1:30:15]} 4. e3 {[%clk 1:31:52]} Bf5
{[%clk 1:30:31]} 5. Be2 {[%clk 1:32:13]} e6 {[%clk 1:30:47]} 6. O-O {[%clk
1:32:11]} Bd6 {[%clk 1:31:11]} 7. d3 {[%clk 1:32:36]} O-O {[%clk 1:31:24]} 8. Nh4
{[%clk 1:31:49]} Bg6 {[%clk 1:30:24]} 9. Nxg6 {[%clk 1:31:24]} hxg6 {[%clk
1:30:33]} 10. Nd2 {[%clk 1:31:02]} Nbd7 {[%clk 1:30:39]} 11. Bf3 {[%clk 1:30:37]}
Qc7 {[%clk 1:28:55]} 12. h3 {[%clk 1:30:45]} b5 {[%clk 1:22:54]} 13. e4 {[%clk
1:28:09]} Rac8 {[%clk 1:19:52]} 14. Re1 {[%clk 1:27:40]} Bc5 {[%clk 1:07:35]} 15.
exd5 {[%clk 1:23:44]} cxd5 {[%clk 1:07:36]} 16. c4 {[%clk 1:24:09]} bxc4 {[%clk
1:06:45]} 17. dxc4 {[%clk 1:22:42]} dxc4 {[%clk 1:05:35]} 18. Nxc4 {[%clk
1:21:30]} Rfd8 {[%clk 1:03:45]} 19. Qe2 {[%clk 1:21:18]} Nb6 {[%clk 1:00:29]} 20.
Be5 {[%clk 1:20:03]} Qe7 {[%clk 1:00:16]} 21. Nxb6 {[%clk 1:18:39]} Bxb6 {[%clk
1:00:10]} 22. Rac1 {[%clk 1:18:19]} Qb4 {[%clk 0:59:00]} 23. Rxc8 {[%clk
1:12:54]} Rxc8 {[%clk 0:59:10]} 24. Rd1 {[%clk 1:12:46]} Qa5 {[%clk 0:45:19]} 25.
Qb2 {[%clk 1:08:49]} Qc5 {[%clk 0:39:40]} 26. Bd4 {[%clk 1:08:26]} Qf5 {[%clk
0:39:51]} 27. Bxb6 {[%clk 1:07:52]} axb6 {[%clk 0:40:08]} 28. Qd4 {[%clk
1:07:32]} b5 {[%clk 0:37:57]} 29. Be2 {[%clk 0:56:35]} Qc2 {[%clk 0:20:42]} 30.
Rd2 {[%clk 0:55:37]} Qc1+ {[%clk 0:20:14]} 31. Kh2 {[%clk 0:55:36]} Qc5 {[%clk
0:20:24]} 32. Qxc5 {[%clk 0:55:14]} Rxc5 {[%clk 0:20:22]} 33. Rd8+ {[%clk
0:52:19]} Kh7 {[%clk 0:20:46]} 34. Rf8 {[%clk 0:49:47]} Rc2 {[%clk 0:21:05]} 35.
Bxb5 {[%clk 0:49:52]} Rxa2 {[%clk 0:20:05]} 36. Rxf7 {[%clk 0:49:07]} Rxf2 {[%clk
0:20:28]} 37. Re7 {[%clk 0:49:15]} Rf5 {[%clk 0:20:19]} 38. Bc4 {[%clk 0:48:04]}
e5 {[%clk 0:20:37]} 39. g4 {[%clk 0:46:04]} Rf2+ {[%clk 0:20:47]} 40. Kg1 {[%clk
0:46:30]} Rf3 {[%clk 0:19:29]} 41. Kg2 {[%clk 0:46:09]} Re3 {[%clk 0:19:21]} 42.
g5 {[%clk 0:45:11]} Nh5 {[%clk 0:19:38]} 43. Kf2 {[%clk 0:41:37]} Rxh3 {[%clk
0:19:17]} 44. Rxe5 {[%clk 0:41:45]} Nf4 {[%clk 0:19:23]} 45. Re3 {[%clk 0:38:56]}
Rh1 {[%clk 0:18:15]} 46. Re8 {[%clk 0:35:01]} Ra1 {[%clk 0:17:27]} 47. Kf3 {[%clk
0:33:15]} Nh5 {[%clk 0:17:22]} 48. b4 {[%clk 0:30:15]} Ra3+ {[%clk 0:14:34]} 49.
Kf2 {[%clk 0:29:52]} Nf4 {[%clk 0:11:37]} 50. Bg8+ {[%clk 0:28:02]} Kh8 {[%clk
0:11:39]} 51. b5 {[%clk 0:24:53]} Ng2 {[%clk 0:11:31]} 52. b6 {[%clk 0:20:04]}
Nf4 {[%clk 0:11:28]} 53. b7 {[%clk 0:19:15]} Ne6 {[%clk 0:11:33]} 54. Bxe6+
{[%clk 0:19:38]} Kh7 {[%clk 0:11:38]} 55. Rh8+ {[%clk 0:19:56]} Kxh8 {[%clk
0:11:59]} 56. b8Q+ {[%clk 0:20:21]} Kh7 {[%clk 0:12:15]} 57. Qg8# {[%clk
0:20:44]} 1-0

[Event "U12 Polish Youth Championship"]
[Site "chess24.com"]
[Date "2018.05.03"]
[Round "7"]
[White "Doskocz, Karol"]
[Black "Kozlowski, Michal"]
[Result "1-0"]
[Board "21"]
[WhiteElo "1467"]
[WhiteCountry "POL"]
[WhiteFideId "21835802"]
[WhiteEloChange "6"]
[BlackElo "1327"]
[BlackCountry "POL"]
[BlackFideId "21812144"]
[BlackEloChange "-6"]

1. e4 {[%clk 1:30:57]} e6 {[%clk 1:30:53]} 2. d4 {[%clk 1:31:14]} d5 {[%clk
1:31:18]} 3. Nc3 {[%clk 1:31:06]} dxe4 {[%clk 1:31:24]} 4. Nxe4 {[%clk 1:31:17]}
Nf6 {[%clk 1:31:49]} 5. Nxf6+ {[%clk 1:31:22]} Qxf6 {[%clk 1:32:14]} 6. Nf3
{[%clk 1:31:27]} h6 {[%clk 1:32:39]} 7. Bd3 {[%clk 1:26:29]} Bd6 {[%clk 1:31:03]}
8. c3 {[%clk 1:25:24]} O-O {[%clk 1:26:20]} 9. Nd2 {[%clk 1:23:38]} Qd8 {[%clk
1:23:58]} 10. Ne4 {[%clk 1:22:44]} Be7 {[%clk 1:23:37]} 11. Be3 {[%clk 1:18:53]}
b6 {[%clk 1:18:25]} 12. Qd2 {[%clk 1:11:48]} f5 {[%clk 1:14:38]} 13. Ng3 {[%clk
1:11:05]} Bg5 {[%clk 1:14:36]} 14. Bxg5 {[%clk 1:08:59]} Qxg5 {[%clk 1:14:59]}
15. Qxg5 {[%clk 1:07:34]} hxg5 {[%clk 1:15:19]} 16. f3 {[%clk 1:06:53]} g6 {[%clk
1:14:48]} 17. O-O-O {[%clk 1:05:45]} Bb7 {[%clk 1:13:01]} 18. Rd2 {[%clk
1:03:17]} Bd5 {[%clk 1:05:22]} 19. b3 {[%clk 1:02:28]} Nd7 {[%clk 1:04:51]} 20.
Re1 {[%clk 1:02:01]} Kf7 {[%clk 1:03:58]} 21. Rde2 {[%clk 1:01:27]} Rfe8 {[%clk
1:02:49]} 22. Nf1 {[%clk 0:57:42]} Rad8 {[%clk 0:55:04]} 23. Ne3 {[%clk 0:56:11]}
Bb7 {[%clk 0:55:26]} 24. Nc2 {[%clk 0:55:42]} Kf6 {[%clk 0:40:15]} 25. c4 {[%clk
0:50:06]} c6 {[%clk 0:38:21]} 26. Re3 {[%clk 0:43:05]} f4 {[%clk 0:33:52]} 27.
R3e2 {[%clk 0:43:19]} Re7 {[%clk 0:20:34]} 28. Be4 {[%clk 0:38:00]} Nf8 {[%clk
0:15:53]} 29. Kb2 {[%clk 0:35:00]} e5 {[%clk 0:11:23]} 30. dxe5+ {[%clk 0:34:14]}
Rxe5 {[%clk 0:11:37]} 31. Nb4 {[%clk 0:33:15]} Re6 {[%clk 0:11:08]} 32. Kc3
{[%clk 0:31:18]} a5 {[%clk 0:10:41]} 33. Nd3 {[%clk 0:31:00]} Rde8 {[%clk
0:08:31]} 34. Nf2 {[%clk 0:29:36]} Nd7 {[%clk 0:06:43]} 35. Ng4+ {[%clk 0:27:31]}
Kg7 {[%clk 0:06:41]} 36. Bd3 {[%clk 0:25:38]} Rxe2 {[%clk 0:06:48]} 37. Rxe2
{[%clk 0:26:02]} Rxe2 {[%clk 0:07:05]} 38. Bxe2 {[%clk 0:26:25]} Kf7 {[%clk
0:05:26]} 39. Bd3 {[%clk 0:25:30]} Nf8 {[%clk 0:05:49]} 40. a3 {[%clk 0:24:00]}
c5 {[%clk 0:01:36]} 41. Nf2 {[%clk 0:18:47]} Ke6 {[%clk 0:00:42]} 42. b4 {[%clk
0:15:45]} Be4 {[%clk 0:00:13]} 43. Nxe4 {[%clk 0:15:45]} 1-0

[Event "U12 Polish Youth Championship"]
[Site "chess24.com"]
[Date "2018.05.03"]
[Round "7"]
[White "Blazniak, Bartlomiej"]
[Black "Kycia, Marek"]
[Result "0-1"]
[Board "22"]
[WhiteElo "1385"]
[WhiteCountry "POL"]
[WhiteFideId "21835640"]
[WhiteEloChange "-8"]
[BlackElo "1460"]
[BlackCountry "POL"]
[BlackFideId "21863580"]
[BlackEloChange "8"]

1. d4 {[%clk 1:30:30]} f5 {[%clk 1:30:55]} 2. c4 {[%clk 1:31:17]} Nf6 {[%clk
1:31:09]} 3. Bg5 {[%clk 1:31:13]} Ne4 {[%clk 1:31:29]} 4. Bd2 {[%clk 1:31:11]} g6
{[%clk 1:30:38]} 5. Nc3 {[%clk 1:31:14]} Nxd2 {[%clk 1:30:20]} 6. Qxd2 {[%clk
1:31:36]} Bg7 {[%clk 1:30:29]} 7. e3 {[%clk 1:31:39]} O-O {[%clk 1:30:26]} 8. Bd3
{[%clk 1:31:46]} d6 {[%clk 1:30:24]} 9. Nge2 {[%clk 1:30:41]} Nc6 {[%clk
1:29:10]} 10. O-O {[%clk 1:28:20]} e5 {[%clk 1:28:54]} 11. d5 {[%clk 1:27:13]}
Ne7 {[%clk 1:28:33]} 12. e4 {[%clk 1:26:41]} f4 {[%clk 1:28:16]} 13. f3 {[%clk
1:26:26]} a6 {[%clk 1:24:56]} 14. b4 {[%clk 1:25:17]} g5 {[%clk 1:24:34]} 15. Nc1
{[%clk 1:25:01]} h5 {[%clk 1:24:45]} 16. c5 {[%clk 1:23:10]} Qe8 {[%clk 1:24:31]}
17. Nb3 {[%clk 1:23:00]} g4 {[%clk 1:24:04]} 18. Be2 {[%clk 1:22:54]} gxf3 {[%clk
1:20:55]} 19. Bxf3 {[%clk 1:23:08]} Bg4 {[%clk 1:19:57]} 20. Qe2 {[%clk 1:20:49]}
Qg6 {[%clk 1:19:53]} 21. Kf2 {[%clk 1:16:43]} Bf6 {[%clk 1:17:28]} 22. Ke1 {[%clk
1:15:23]} Kh8 {[%clk 1:12:57]} 23. Kd2 {[%clk 1:12:09]} Rg8 {[%clk 1:12:44]} 24.
Qf2 {[%clk 1:00:19]} dxc5 {[%clk 1:11:32]} 25. bxc5 {[%clk 0:58:08]} Rad8 {[%clk
1:10:57]} 26. Ke2 {[%clk 0:55:44]} Nxd5 {[%clk 1:04:02]} 27. Nxd5 {[%clk
0:50:16]} Qxe4+ {[%clk 1:04:11]} 28. Kd1 {[%clk 0:50:14]} Rxd5+ {[%clk 1:02:17]}
29. Kc1 {[%clk 0:49:47]} Qc4+ {[%clk 1:02:08]} 30. Kb2 {[%clk 0:49:46]} e4+
{[%clk 1:01:59]} 31. Ka3 {[%clk 0:50:07]} exf3 {[%clk 1:01:44]} 32. gxf3 {[%clk
0:50:26]} Bd7 {[%clk 1:01:39]} 0-1

[Event "U12 Polish Youth Championship"]
[Site "chess24.com"]
[Date "2018.05.03"]
[Round "7"]
[White "Grzadka, Artur"]
[Black "Jarocki, Gabriel"]
[Result "1/2-1/2"]
[Board "23"]
[WhiteElo "1269"]
[WhiteCountry "POL"]
[WhiteFideId "21836736"]
[WhiteEloChange "4"]
[BlackElo "1427"]
[BlackCountry "POL"]
[BlackFideId "21852871"]
[BlackEloChange "-4"]

1. d4 {[%clk 1:30:55]} d5 {[%clk 1:30:47]} 2. c4 {[%clk 1:31:18]} Nc6 {[%clk
1:31:11]} 3. e3 {[%clk 1:31:09]} e6 {[%clk 1:20:10]} 4. Nc3 {[%clk 1:29:28]} Nf6
{[%clk 1:18:02]} 5. Nf3 {[%clk 1:28:44]} g6 {[%clk 1:15:40]} 6. Bd3 {[%clk
1:28:27]} Bg7 {[%clk 1:13:23]} 7. O-O {[%clk 1:28:03]} O-O {[%clk 1:13:45]} 8. a3
{[%clk 1:26:37]} a5 {[%clk 1:08:22]} 9. b3 {[%clk 1:22:34]} b6 {[%clk 1:07:39]}
10. Bb2 {[%clk 1:22:11]} Bb7 {[%clk 1:04:04]} 11. Na4 {[%clk 1:19:26]} Na7 {[%clk
1:00:37]} 12. Ne5 {[%clk 1:17:45]} Nd7 {[%clk 1:00:20]} 13. Nxd7 {[%clk 1:17:30]}
Qxd7 {[%clk 1:00:40]} 14. Qe2 {[%clk 1:17:08]} f5 {[%clk 1:00:00]} 15. f4 {[%clk
1:15:39]} Rf7 {[%clk 0:53:01]} 16. c5 {[%clk 1:06:38]} b5 {[%clk 0:52:39]} 17.
Nc3 {[%clk 1:07:03]} c6 {[%clk 0:52:59]} 18. b4 {[%clk 1:06:29]} a4 {[%clk
0:51:54]} 19. h3 {[%clk 1:05:38]} Kh8 {[%clk 0:49:53]} 20. h4 {[%clk 1:02:52]} h6
{[%clk 0:48:41]} 21. g3 {[%clk 1:01:45]} Bf6 {[%clk 0:46:50]} 22. Kg2 {[%clk
1:00:53]} Kg8 {[%clk 0:46:45]} 23. Rh1 {[%clk 1:00:01]} Rg7 {[%clk 0:43:21]} 24.
h5 {[%clk 0:56:26]} g5 {[%clk 0:43:40]} 25. Kf2 {[%clk 0:56:22]} Kh8 {[%clk
0:40:16]} 26. Rag1 {[%clk 0:56:24]} Rag8 {[%clk 0:39:21]} 27. Qd1 {[%clk
0:54:13]} gxf4 {[%clk 0:20:20]} 28. gxf4 {[%clk 0:51:11]} Bh4+ {[%clk 0:19:42]}
29. Rxh4 {[%clk 0:47:07]} Rxg1 {[%clk 0:20:01]} 30. Qxg1 {[%clk 0:47:32]} Rxg1
{[%clk 0:19:58]} 31. Kxg1 {[%clk 0:47:58]} Qg7+ {[%clk 0:20:11]} 32. Kf2 {[%clk
0:48:12]} Nc8 {[%clk 0:20:15]} 33. Be2 {[%clk 0:47:53]} Ne7 {[%clk 0:19:25]} 34.
Bf3 {[%clk 0:47:25]} Bc8 {[%clk 0:19:19]} 35. Ne2 {[%clk 0:46:38]} Bd7 {[%clk
0:17:00]} 36. Ng3 {[%clk 0:44:56]} Be8 {[%clk 0:16:52]} 37. Bc1 {[%clk 0:44:54]}
Qf6 {[%clk 0:16:39]} 38. Rh3 {[%clk 0:44:29]} Ng8 {[%clk 0:08:37]} 39. Bd2 {[%clk
0:43:48]} Qd8 {[%clk 0:08:44]} 40. Bc1 {[%clk 0:43:04]} Nf6 {[%clk 0:08:56]} 41.
Bd2 {[%clk 0:42:09]} Ne4+ {[%clk 0:08:33]} 42. Ke2 {[%clk 0:40:17]} Nxg3+ {[%clk
0:08:20]} 43. Rxg3 {[%clk 0:39:49]} Bxh5 {[%clk 0:06:07]} 44. Be1 {[%clk
0:39:12]} Bxf3+ {[%clk 0:06:19]} 45. Kxf3 {[%clk 0:38:16]} Qe8 {[%clk 0:06:24]}
46. Rh3 {[%clk 0:36:14]} Qg6 {[%clk 0:06:44]} 47. Rh4 {[%clk 0:35:19]} Kh7 {[%clk
0:06:12]} 48. Bg3 {[%clk 0:35:28]} Qg7 {[%clk 0:04:13]} 49. Kf2 {[%clk 0:34:37]}
Kg8 {[%clk 0:03:07]} 50. Kf3 {[%clk 0:34:31]} h5 {[%clk 0:02:20]} 51. Kf2 {[%clk
0:34:43]} Qg6 {[%clk 0:02:39]} 52. Kf3 {[%clk 0:35:04]} Kg7 {[%clk 0:02:09]} 53.
Kf2 {[%clk 0:35:01]} 1/2-1/2

[Event "U12 Polish Youth Championship"]
[Site "chess24.com"]
[Date "2018.05.03"]
[Round "7"]
[White "Katny, Samuel"]
[Black "Trochimczuk, Szymon"]
[Result "1/2-1/2"]
[Board "24"]
[WhiteElo "1343"]
[WhiteCountry "POL"]
[WhiteFideId "21846693"]
[WhiteEloChange "-3"]
[BlackElo "1251"]
[BlackCountry "POL"]
[BlackFideId "21881260"]
[BlackEloChange "3"]

1. e4 {[%clk 1:30:53]} c5 {[%clk 1:30:55]} 2. Nf3 {[%clk 1:31:05]} Nc6 {[%clk
1:31:14]} 3. Bc4 {[%clk 1:31:13]} g6 {[%clk 1:31:30]} 4. c3 {[%clk 1:30:42]} Bg7
{[%clk 1:31:40]} 5. d3 {[%clk 1:30:25]} d6 {[%clk 1:31:43]} 6. Bf4 {[%clk
1:28:52]} Nf6 {[%clk 1:31:33]} 7. O-O {[%clk 1:26:41]} O-O {[%clk 1:31:52]} 8.
Nbd2 {[%clk 1:22:53]} a6 {[%clk 1:31:15]} 9. Bg5 {[%clk 1:21:05]} b5 {[%clk
1:30:36]} 10. Bxf6 {[%clk 1:19:51]} Bxf6 {[%clk 1:30:34]} 11. Bd5 {[%clk
1:20:11]} Bd7 {[%clk 1:28:47]} 12. Bxc6 {[%clk 1:11:44]} Bxc6 {[%clk 1:28:41]}
13. Rb1 {[%clk 1:11:14]} a5 {[%clk 1:27:03]} 14. a3 {[%clk 1:11:17]} Qd7 {[%clk
1:18:42]} 15. Qe2 {[%clk 1:10:11]} e5 {[%clk 1:11:13]} 16. h3 {[%clk 1:06:59]} a4
{[%clk 1:06:42]} 17. Qe3 {[%clk 1:06:33]} Bg7 {[%clk 1:01:22]} 18. Nh2 {[%clk
1:04:18]} f5 {[%clk 0:57:10]} 19. exf5 {[%clk 0:50:48]} Rxf5 {[%clk 0:47:41]} 20.
Ng4 {[%clk 0:50:31]} h5 {[%clk 0:45:16]} 21. Nh6+ {[%clk 0:48:03]} Bxh6 {[%clk
0:45:27]} 22. Qxh6 {[%clk 0:48:29]} Qh7 {[%clk 0:43:53]} 23. Qe3 {[%clk 0:47:37]}
Raf8 {[%clk 0:40:47]} 24. Ne4 {[%clk 0:46:42]} Bxe4 {[%clk 0:39:32]} 25. Qxe4
{[%clk 0:47:08]} Qf7 {[%clk 0:38:25]} 26. f3 {[%clk 0:45:14]} d5 {[%clk 0:34:56]}
27. Qe3 {[%clk 0:43:40]} d4 {[%clk 0:33:46]} 28. cxd4 {[%clk 0:40:44]} exd4
{[%clk 0:34:08]} 29. Qd2 {[%clk 0:40:11]} Re8 {[%clk 0:34:12]} 30. Rfe1 {[%clk
0:38:38]} Rfe5 {[%clk 0:33:01]} 31. Rxe5 {[%clk 0:37:18]} Rxe5 {[%clk 0:33:24]}
32. Re1 {[%clk 0:35:26]} Rxe1+ {[%clk 0:32:27]} 33. Qxe1 {[%clk 0:35:53]} c4
{[%clk 0:32:12]} 34. Qd2 {[%clk 0:32:50]} Qd5 {[%clk 0:31:16]} 35. Qe2 {[%clk
0:28:05]} Kf7 {[%clk 0:30:59]} 36. Kf2 {[%clk 0:27:01]} c3 {[%clk 0:28:15]} 37.
bxc3 {[%clk 0:23:04]} dxc3 {[%clk 0:27:09]} 38. Qc2 {[%clk 0:23:09]} Qc5+ {[%clk
0:27:31]} 39. Kg3 {[%clk 0:21:21]} Qxa3 {[%clk 0:26:06]} 40. f4 {[%clk 0:20:20]}
Qb3 {[%clk 0:25:36]} 41. Qf2 {[%clk 0:20:23]} c2 {[%clk 0:21:57]} 42. Qa7+ {[%clk
0:20:26]} Kg8 {[%clk 0:20:35]} 43. Qb8+ {[%clk 0:20:30]} Kh7 {[%clk 0:19:31]} 44.
Qc7+ {[%clk 0:20:28]} Kh6 {[%clk 0:18:28]} 45. Qd8 {[%clk 0:20:17]} Kg7 {[%clk
0:17:07]} 46. Qd4+ {[%clk 0:19:30]} Kf7 {[%clk 0:14:16]} 47. Qd7+ {[%clk
0:19:09]} Kf6 {[%clk 0:13:31]} 48. Qd8+ {[%clk 0:19:20]} Ke6 {[%clk 0:12:53]} 49.
Qe8+ {[%clk 0:18:12]} Kd5 {[%clk 0:12:52]} 50. Qe4+ {[%clk 0:13:26]} Kc5 {[%clk
0:11:50]} 51. Qe3+ {[%clk 0:08:06]} Kb4 {[%clk 0:11:39]} 52. Qd4+ {[%clk
0:07:44]} Ka3 {[%clk 0:07:40]} 53. Qa1+ {[%clk 0:07:46]} Kb4 {[%clk 0:06:37]} 54.
Qd4+ {[%clk 0:07:46]} Ka5 {[%clk 0:06:37]} 55. Qa7+ {[%clk 0:07:46]} Kb4 {[%clk
0:06:37]} 56. Qd4+ {[%clk 0:07:46]} Ka3 {[%clk 0:07:02]} 57. Qa1+ {[%clk
0:07:46]} 1/2-1/2

[Event "U12 Polish Youth Championship"]
[Site "chess24.com"]
[Date "2018.05.03"]
[Round "7"]
[White "Owczarzak, Maciej"]
[Black "Zalega, Maciej"]
[Result "1/2-1/2"]
[Board "25"]
[WhiteElo "1402"]
[WhiteCountry "POL"]
[WhiteFideId "21861048"]
[WhiteEloChange "-3"]
[BlackElo "1309"]
[BlackCountry "POL"]
[BlackFideId "21858284"]
[BlackEloChange "3"]

1. e4 {[%clk 1:30:57]} c5 {[%clk 1:31:00]} 2. Nf3 {[%clk 1:31:16]} e6 {[%clk
1:31:25]} 3. d4 {[%clk 1:31:40]} cxd4 {[%clk 1:31:52]} 4. Nxd4 {[%clk 1:32:03]}
a6 {[%clk 1:32:21]} 5. c4 {[%clk 1:32:11]} Nf6 {[%clk 1:32:49]} 6. Bd3 {[%clk
1:31:50]} Nc6 {[%clk 1:31:40]} 7. Nxc6 {[%clk 1:30:21]} dxc6 {[%clk 1:31:56]} 8.
O-O {[%clk 1:29:54]} e5 {[%clk 1:30:01]} 9. Bg5 {[%clk 1:25:06]} Be7 {[%clk
1:27:34]} 10. Nc3 {[%clk 1:24:55]} O-O {[%clk 1:27:12]} 11. Qc2 {[%clk 1:19:33]}
h6 {[%clk 1:25:00]} 12. Bh4 {[%clk 1:18:49]} Be6 {[%clk 1:23:07]} 13. Rfd1 {[%clk
1:16:55]} Qc7 {[%clk 1:20:55]} 14. Bg3 {[%clk 1:14:53]} Rfd8 {[%clk 1:19:41]} 15.
Be2 {[%clk 1:14:17]} b5 {[%clk 1:17:21]} 16. cxb5 {[%clk 1:11:29]} cxb5 {[%clk
1:16:43]} 17. a3 {[%clk 1:04:41]} Rxd1+ {[%clk 1:03:49]} 18. Rxd1 {[%clk
1:04:42]} b4 {[%clk 0:56:48]} 19. axb4 {[%clk 1:04:01]} Bxb4 {[%clk 0:57:08]} 20.
Qd3 {[%clk 0:57:08]} Bxc3 {[%clk 0:43:48]} 21. Qxc3 {[%clk 0:55:50]} Qxc3 {[%clk
0:37:24]} 22. bxc3 {[%clk 0:56:17]} Nxe4 {[%clk 0:37:03]} 23. Bf3 {[%clk
0:52:31]} Nxc3 {[%clk 0:35:19]} 24. Bxa8 {[%clk 0:50:06]} Nxd1 {[%clk 0:35:40]}
25. Bxe5 {[%clk 0:50:30]} a5 {[%clk 0:21:42]} 26. Bf3 {[%clk 0:48:21]} Bb3 {[%clk
0:22:08]} 27. Kf1 {[%clk 0:48:33]} a4 {[%clk 0:22:34]} 28. Ke1 {[%clk 0:48:53]}
Nxf2 {[%clk 0:23:00]} 29. Kxf2 {[%clk 0:49:17]} a3 {[%clk 0:23:28]} 30. Ke2
{[%clk 0:49:06]} f6 {[%clk 0:23:08]} 31. Bc3 {[%clk 0:48:57]} Kf7 {[%clk
0:21:59]} 32. Kd2 {[%clk 0:48:36]} g5 {[%clk 0:21:26]} 33. Bh5+ {[%clk 0:48:32]}
Kg7 {[%clk 0:17:22]} 34. Bb4 {[%clk 0:47:53]} a2 {[%clk 0:17:15]} 35. Bc3 {[%clk
0:48:16]} Bd5 {[%clk 0:15:08]} 36. g3 {[%clk 0:48:31]} Be6 {[%clk 0:14:21]} 37.
Bd1 {[%clk 0:48:25]} Kg6 {[%clk 0:13:25]} 38. Kc1 {[%clk 0:47:50]} h5 {[%clk
0:12:58]} 39. Bc2+ {[%clk 0:44:29]} f5 {[%clk 0:12:48]} 40. Kb2 {[%clk 0:43:57]}
Kh6 {[%clk 0:11:54]} 41. Bb3 {[%clk 0:42:46]} a1Q+ {[%clk 0:12:14]} 42. Kxa1
{[%clk 0:42:56]} Bxb3 {[%clk 0:12:41]} 43. Bd2 {[%clk 0:43:13]} Kg6 {[%clk
0:12:25]} 44. Kb2 {[%clk 0:43:31]} Bd5 {[%clk 0:12:26]} 45. Kc3 {[%clk 0:43:50]}
h4 {[%clk 0:12:50]} 46. gxh4 {[%clk 0:44:12]} gxh4 {[%clk 0:13:11]} 47. Bf4
{[%clk 0:44:38]} Kh5 {[%clk 0:13:28]} 48. Kd4 {[%clk 0:44:12]} Be4 {[%clk
0:12:51]} 49. Ke3 {[%clk 0:43:36]} Kg4 {[%clk 0:12:34]} 50. Bb8 {[%clk 0:44:00]}
1/2-1/2